| 000 | 00598nam a2200205 4500 | ||
|---|---|---|---|
| 001 | 107062 | ||
| 003 | ES-MaACL | ||
| 007 | t| | ||
| 008 | 061121s1983 sp r ||||1| spa d | ||
| 100 | 1 |
_aMorey, Miguel. _983498 |
|
| 245 | 1 | 0 |
_aLectura de Foucault / _cMiguel Morey. |
| 260 |
_aMadrid : _bTaurus, _c1983. |
||
| 300 |
_a365 p. ; _c21 cm. |
||
| 490 | 1 | _aEnsayistas | |
| 600 | 0 | 4 |
_aFoucault, Michel, _d1926-1984- _xCrÃtica e interpretación _951922 |
| 830 | 0 |
_aEnsayistas _9177257 |
|
| 852 |
_aES-MaACL _jL-7139 _bR.107710 |
||
| 852 |
_aES-MaACL _jL-7784 _bR.108321 |
||
| 999 |
_c107062 _d107062 |
||